| 000 | 00430nam a2200157Ia 4500 | ||
|---|---|---|---|
| 003 | GCL | ||
| 008 | 140319s9999 xx 000 0 eng d | ||
| 040 |
_aGCL / _cGCL |
||
| 082 | 0 | 4 |
_a623.31 _bT E |
| 100 | 1 | _aTHERAJA, B L | |
| 245 | 1 | 0 |
_aELEMENTS OF ELECTRICAL AND MECHANICAL ENGINEERING / _cTHERAJA, B L |
| 260 |
_a[S.N] : _bCHAND AND COMPANY ، _c1995 |
||
| 300 | _a653 P | ||
| 650 | 0 | 4 | _aMECHANICS ENGINEERING |
| 942 |
_2ddc _cBK |
||
| 999 |
_c12144 _d12144 |
||